Score 0/8 Timer 02:00
7 Plays Today
Vowels - Consonants Answer % Correct
4-3Uruguay
79.6%
3-2Haiti
70.1%
4-3Ecuador
68.2%
5-4Venezuela
65.7%
5-4Guatemala
64%
5-4Nicaragua
59.6%
4-3Bolivia
59.2%
4-3Jamaica
57.5%
Remove Ads.
Support Sporcle.
Get the best of Sporcle when you Go Orange. This ad-free experience offers more features, more stats, and more fun while also helping to support Sporcle. Thank you for becoming a member.

You're not logged in!

Compare scores with friends on all Sporcle quizzes.
OR
Log In

Sporcle TV

Today on Sporcle TV


Watch our educational content, quiz creation guides, and fun videos on Sporcle TV.

Show Comments

Extras

Top Quizzes Today


Score Distribution

Paid Content

Your Account Isn't Verified!

In order to create a playlist on Sporcle, you need to verify the email address you used during registration. Go to your Sporcle Settings to finish the process.

Report this User

Report this user for behavior that violates our Community Guidelines.

Details: